Misionología: problemas introductorios y ciencias auxiliares

Bewaard in:
Bibliografische gegevens
Hoofdauteur: Santos Hernández, Angel (Auteur)
Formaat: Boek
Taal:Spaans
Gepubliceerd in: Barcelona Sal Terrae 1961
Editie:1a. ed
Reeks:Bibliotheca Comillensis
Onderwerpen:
Tags: Voeg label toe
Geen labels, Wees de eerste die dit record labelt!

MARC

LEADER 00000cam a2200000 a 4500
001 UCE3889
003 CL-VaPUC
008 141003e19610000sp |||||||||||||||||spa|d
082 0 4 |a 253  |b SAN  |2 21 
100 0 |a Santos Hernández, Angel  |e author  |9 576410 
245 1 0 |a Misionología: problemas introductorios y ciencias auxiliares 
250 |a 1a. ed 
300 |a 570 p 
942 |c BK 
945 |d 20141003 14:17:00  |a dcastane 
260 |a Barcelona  |b Sal Terrae  |c 1961 
650 7 |a MISIONOLOGIA  |2 CL-VaPUC  |9 389210 
650 7 |a MISIONES  |2 CL-VaPUC  |9 269280 
650 7 |a EVANGELIZACION  |2 CL-VaPUC  |9 576411 
583 |a last modification  |c 20141003 14:17:00  |k Rodrigo Vera 
490 0 |a Bibliotheca Comillensis 
999 |c 357006  |d 357004 
952 |0 0  |1 0  |3 erb  |4 0  |6 253_000000000000000_SAN_1961  |7 0  |8 A  |9 464813  |a BIBTEO  |b BIBTEO  |i 4999584  |o 253 SAN 1961  |p 4999584  |r 2025-01-17  |w 2019-11-23  |y BK  |z Catalogado en:20141003  |k ICR